Giáo trình dinh dưỡng khoáng

Saved in:
Bibliographic Details
Main Author: Lê, Thị Trĩ
Format: Book
Published: Huế Huế 2004
Subjects:
Tags: Add Tag
No Tags, Be the first to tag this record!
Institutions: Trung tâm Học liệu Lê Vũ Hùng, Trường Đại học Đồng Tháp
LEADER 00777pam a22002538a 4500
001 00037729
005 20171026081025.0
008 170514s2004 ||||||Viesd
041 0 # |a Vie 
082 1 4 |a 631.8  |b GI108TR 
100 1 # |a Lê, Thị Trĩ 
245 1 0 |a Giáo trình dinh dưỡng khoáng  |c Lê Thị Trĩ 
260 # # |a Huế  |b Huế  |c 2004 
300 # # |a 103 tr.  |c 24 cm 
500 # # |a ĐTTS:Bộ Giáo dục và đào tạo 
653 # # |a Giáo trình 
653 # # |a khoáng 
653 # # |a dinh dưỡng 
852 # # |b Kho mượn  |j KGT.0053169 
852 # # |b Kho đọc  |j KD.0021544 
852 # # |j KGT.0053169  |j KD.0021544 
910 |d 14/05/2017 
980 # # |a Trung tâm Học liệu Lê Vũ Hùng, Trường Đại học Đồng Tháp